MARC details
| 000 -LEADER |
| fixed length control field |
01538nam a2200373 a 4500 |
| 001 - CONTROL NUMBER |
| control field |
vtls000381529 |
| 003 - CONTROL NUMBER IDENTIFIER |
| control field |
NLI |
| 005 - DATE AND TIME OF LATEST TRANSACTION |
| control field |
20210602181719.0 |
| 008 - FIXED-LENGTH DATA ELEMENTS--GENERAL INFORMATION |
| fixed length control field |
120702s2002 ii f100 m eng d |
| 039 #9 - LEVEL OF BIBLIOGRAPHIC CONTROL AND CODING DETAIL [OBSOLETE] |
| Level of rules in bibliographic description |
201207021933 |
| Level of effort used to assign nonsubject heading access points |
VLOAD |
| Level of effort used to assign subject headings |
201205252148 |
| Level of effort used to assign classification |
VLOAD |
| -- |
201101132359 |
| -- |
VLOAD |
| 040 ## - CATALOGING SOURCE |
| Original cataloging agency |
NLI : |
| Language of cataloging |
eng |
| Transcribing agency |
NLMARC21 |
| 041 0# - LANGUAGE CODE |
| Language code of text/sound track or separate title |
eng |
| 044 ## - COUNTRY OF PUBLISHING/PRODUCING ENTITY CODE |
| MARC country code |
ii |
| 082 0# - DEWEY DECIMAL CLASSIFICATION NUMBER |
| Classification number |
337.54 |
| 110 1# - MAIN ENTRY--CORPORATE NAME |
| Corporate name or jurisdiction name as entry element |
India. |
| Subordinate unit |
Prime Minister (1998-2004 . Atal Bihari Vajpayee ) |
| 9 (RLIN) |
561393 |
| 245 10 - TITLE STATEMENT |
| Title |
Strengthening Indo - Singaporean economic partnership/ |
| Statement of responsibility, etc. |
Atal Bihari Vajpayee |
| 260 ## - PUBLICATION, DISTRIBUTION, ETC. |
| Place of publication, distribution, etc. |
New Delhi : |
| Name of publisher, distributor, etc. |
Directorate of Advertising and Visual Publicity, Ministry of Information and Broadcasting, Govt. of India, |
| Date of publication, distribution, etc. |
2002 |
| 300 ## - PHYSICAL DESCRIPTION |
| Extent |
7 p.; |
| Dimensions |
21 cm. |
| 500 ## - GENERAL NOTE |
| General note |
Text of the Prime Minister, Shri Atal Bihari Vajpayee's at the Indian Business Forum in Singapore on 8.04.2002 |
| 600 #0 - SUBJECT ADDED ENTRY--PERSONAL NAME |
| Personal name |
Vajpayee, Atal Bihari |
| Dates associated with a name |
1926- |
| General subdivision |
Speeches, addresses, etc |
| 9 (RLIN) |
7861 |
| 650 #0 - SUBJECT ADDED ENTRY--TOPICAL TERM |
| Topical term or geographic name entry element |
Partnership |
| Geographic subdivision |
India |
| General subdivision |
Speeches, addresses |
| 9 (RLIN) |
568148 |
| 650 #0 - SUBJECT ADDED ENTRY--TOPICAL TERM |
| Topical term or geographic name entry element |
International economic relations |
| General subdivision |
Speeches, addresses, etc |
| 9 (RLIN) |
239724 |
| 651 #0 - SUBJECT ADDED ENTRY--GEOGRAPHIC NAME |
| Geographic name |
India |
| General subdivision |
Foreign economic relations |
| 9 (RLIN) |
273706 |
| 700 1# - ADDED ENTRY--PERSONAL NAME |
| Personal name |
Vajpayee, Atal Bihari |
| Dates associated with a name |
1926- |
| 9 (RLIN) |
6658 |
| 710 1# - ADDED ENTRY--CORPORATE NAME |
| Corporate name or jurisdiction name as entry element |
India. |
| Subordinate unit |
Ministry of Information and Broadcasting. |
| -- |
Directorate of Advertising and Visual Publicity |
| Relationship |
pbl. |
| 887 ## - NON-MARC INFORMATION FIELD |
| Content of non-MARC field |
Shila sr |
| 901 ## - LOCAL DATA ELEMENT A, LDA (RLIN) |
| a |
IOD128322 |
| b |
12.11.04 |
| 902 ## - LOCAL DATA ELEMENT B, LDB (RLIN) |
| a |
GP 337.54095704 In 2 |
| 904 ## - LOCAL DATA ELEMENT D, LDD (RLIN) |
| a |
Shila |
| 905 ## - LOCAL DATA ELEMENT E, LDE (RLIN) |
| a |
sr |
| 942 ## - ADDED ENTRY ELEMENTS (KOHA) |
| Source of classification or shelving scheme |
Dewey Decimal Classification |
| Koha item type |
Books |
| 949 ## - LOCAL PROCESSING INFORMATION (OCLC) |
| -- |
VIRTUAITEM |
| -- |
10003 |
| -- |
100 |
| 6 |
IOD000128322ENG |